Positiv, was nun? : ein Ratgeber fur Menschen mit HIV/AIDS in Haft.
-д хадгалсан:
| Байгууллагын зохиогч: | |
|---|---|
| Формат: | Ном |
| Хэл сонгох: | герман |
| Хэвлэсэн: |
Berlin :
Deutsche AIDS-Hilfe,
1990
|
| Шошгууд: |
Шошго байхгүй, Энэхүү баримтыг шошголох эхний хүн болох!
|
MARC
| LEADER | 00000nam a22000007i 4500 | ||
|---|---|---|---|
| 001 | IT\ICCU\UBO\3559918 | ||
| 003 | ItRI | ||
| 005 | 20260115232443.0 | ||
| 008 | 090123s1990 gw |||||| ||||| |||||c | ||
| 040 | |b ita |c importazione bologna sebina | ||
| 041 | 7 | |a ger |2 ISO-639-2 | |
| 110 | 2 | |a Deutsche AIDS-Hilfe Berlin |0 IT\ICCU\UBOV\301872 |4 aut | |
| 245 | 0 | 0 | |a Positiv, was nun? : |b ein Ratgeber fur Menschen mit HIV/AIDS in Haft. |
| 260 | |a Berlin : |b Deutsche AIDS-Hilfe, |c 1990 | ||
| 300 | |a 112 p. ; |c 21 cm. | ||
| 942 | |2 ddc |c BK |n 0 | ||
| 952 | |0 0 |1 0 |4 0 |6 A_616_979000000000000_POS |7 0 |9 26033 |a BO |b BO |d 2026-01-15 |i 2377 |l 0 |o A 616.979 POS |p BO2377 |r 2026-01-15 23:24:43 |w 2026-01-15 |x [Sebina 5] [1 v.] |y BK |z 1 v. | ||
| 999 | |c 22046 |d 22046 | ||